000 00286nam a2200109Ia 4500
008 200302s9999 xx 000 0 und d
100 _aRakesh Hooja & Other
245 _aDecentralized Planning in Multilevel Framework
260 _bRawat Publications
260 _c1993
300 _a385 P.,
999 _c5602
_d5602